00430nam a22001577a 450000500170000001000170001702000260003403500170006003700210007708200060009810000170010424500310012126000380015227000560019030000260024620220808125217.0 aB-745358-360 a9780007449408c250.00 aB-745358-360 bCollins Classics aN aJoyce James  aDubliners/cby James Joyce aNew DelhibCollins Classicsc2011 a77-85 Fulham Place Road HammersmithbLondoneW6 8JB aix. 242p.c18c.m (Pb)